000 00509nam a2200181Ia 4500
001 23299
005 20260414150928.0
008 260414t2006||||xx |||||||||||||| ||spa||
041 _aESP
082 _a628.4
_bR44
100 _aMartínez Bono, Emérit (dir)
_eAUT
245 0 _aResiduos urbanos y sustentabilidad ambiental :
_bestado de la cuestión y debate en la comunidad valenciana
260 _c2006
300 _a240 páginas :
_c\N
650 _aCNM
654 _aCCN
942 _cLIB
_dJUS
_fJUS
_2ddc
_n
999 _c23299
_d23299